000
00348nam a2200145Ia 4500
008
220216s9999 xx 000 0 und d
100
_a
Ramakrishnan T.S.
245
0
_a
Brown bast
260
_b
Rubber Board Bulletin
_c
1963-64
300
_a
61-63
650
_a
Brown bast
650
_a
Rubber plantation
700
_a
Pillay P.N.R.
942
_c
BS
999
_c
50251
_d
50251